Classement de la Bundesliga - Statistiques

Statistiques générales
  • Ce quiz a été pris 35 fois
    13 depuis la dernière actualisation
  • Le résultat moyen est 14 sur 18
Statistiques - réponses
Hint Réponse % Correct
1 Bayern
100%
2 Dortmund
100%
6 Leverkusen
100%
7 Eintracht Francfort
92%
11 Cologne
85%
3 RB Leipzig
85%
16 Stuttgart
85%
4 Union Berlin
85%
10 Monchengladbach
77%
8 Wolfsbourg
77%
12 Hoffenheim
69%
17 Schalke
69%
15 Augsbourg
62%
5 Fribourg
62%
18 Hertha BSC
62%
13 Werder
62%
9 Mainz 05
54%
14 VfL Bochum
54%
Aucun quiz correspondant
Distribution des résultats
% des personnes avec chaque résultat
Percentile par nombre de réponses
Votre historique - résultats
Vous n’avez pas pris ce quiz depuis la dernière actualisation